000 00556cam a22002174a 4500
005 20250605164315.0
008 250528s ||||||||||||||||||||||||d
035 _a22653
020 _a9780521608343
040 _aGR-AtMCL
_bgre
_dGR-AtMCL
_eAACR2
245 1 _aCRITICAL THINKING IN PSYCHOLOGY
250 _a1
260 _bCambridge University Press,
_c2007
300 _a2007
700 1 _aHalpern Diane F
_94350
700 1 _aRoediger Iii Henry L
_98397
700 1 _aStenberg Robert J
_9254
942 _cBK
999 _c7701
_d7701